000 00957nam a2200253Ia 4500
003 OSt
005 20220923211058.0
006 a|||||r|||| 00| 0
007 ta
008 220922b |||||||| |||| 00| 0 hin d
020 _a8178440377 (hbk)
_c375
024 _a241,776
037 _b379, 24/12/2009, Eastern Book Linkers
_cTextual
040 _aARTS
_cARTS
_bhin
041 _2hin
_ahin
082 _aO152,3N104:g, P7
100 _aराजिन्द्र कुमार
245 0 _aरांगेय राघव का उपन्यास और युग - चेतना
246 _aRāangeya rāghav kā upanyās aur yug - chetanā
260 _aदिल्ली
_b के. के. पब्लिकेशन्स
_c2007
300 _a217पृ.
_ccm.
942 _hO152,3N104:g, P7
_cTEXL
_2CC
999 _c294914
_d294914